000 00651nam a22001937a 4500
005 20251108170603.0
008 250721s1997 xx 000 0 ara d
082 1 4 _a327.5505694/قاس
100 1 _aالقاسمي، خالد بن محمد
245 1 0 _aالجزر الثلاث بين السيادة العربية و الإحتلال الإيراني /
264 _bالمكتب الجامعي الحديث،
_c1997.
300 _a385ص
650 1 7 _aالعلاقات الدولية
650 1 7 _aالإمارات العربية
650 1 7 _aإيران
650 1 7 _aجزر الخليج العربي
942 _2ddc
_cBK
999 _c44152
_d44152